Complete the Movie Title (1995) - Statistics

General Stats
  • This quiz has been taken 327 times
  • The average score is 18 of 25
Answer Stats
Hint Answer % Correct
_____ Fiction Pulp
98%
Mortal _____ Kombat
93%
_____ Story Toy
92%
The _____ Book Jungle
91%
_____ Forever Batman
87%
To Wong Foo, Thanks for _____! Julie Newmar Everything
82%
French _____ Kiss
76%
Muriel’s _____ Wedding
75%
The _____ of Madison County Bridges
73%
The Indian in the _____ Cupboard
73%
The _____ of King George Madness
73%
Dangerous _____ Minds
73%
Nine _____ Months
73%
Crimson _____ Tide
73%
Golden_____ Eye
66%
A Walk in the _____ Clouds
65%
The American _____ President
65%
_____ of the Damned Village
65%
Circle of _____ Friends
60%
_____ in Brooklyn Vampire
56%
Hoop _____ Dreams
54%
Lord of _____ Illusions
49%
How to Make an American _____ Quilt
49%
Under Siege 2: Dark _____ Territory
49%
_____ on the Side Boys
47%
No matching quizzes found
Score Distribution
Percent of People with Each Score
Percentile by Number Answered
Your Score History
You have not taken this quiz